| 000 | 02233nam a2200613 c 4500 | ||
|---|---|---|---|
| 001 | 16939 | ||
| 003 | ES-MaCES | ||
| 005 | 20150929135820.0 | ||
| 008 | 040916m20042005be t m000 | eng d | ||
| 017 |
_aD-2004-3163-10 _bDL |
||
| 017 |
_aD-2005-10574-01 _bDL |
||
| 020 | _a2930352515 (part. I) | ||
| 020 | _a2874520004 (part. II) | ||
| 035 | _aCES20040012441m | ||
| 040 |
_aES-MaCES _bspa _cES-MaCES |
||
| 245 | 0 | 4 |
_aThe enlargement of social Europe _b: the role of social partners in the European employment strategy _cedited by Béla Galgóczi, Céline Lafoucriere and Lars Magnusson |
| 260 |
_aBrussels _bEuropean Trade Union Institute (ETUI) _bNational Institute for Working Life and the Swedish Trade Unions in Co-operation (SALTSA) _a[Toulouse] _bCentre de recherche européenne pour l'emploi et les ressources humaines (CREER) _c2004-2005 |
||
| 300 |
_a2 v. (390, 270 p.) _c21 cm |
||
| 504 | _aBibliografía | ||
| 505 | 0 | _aPart. I -- Part II | |
| 541 | _cCompra | ||
| 650 | 4 |
_aempleo _928299 |
|
| 650 | 4 |
_aagente de negociación _929450 |
|
| 650 | 4 |
_aadhesión de miembros _930972 |
|
| 650 | 4 |
_aBulgaria _926936 |
|
| 650 | 4 |
_aRepública Checa _930495 |
|
| 650 | 4 |
_aChipre _926975 |
|
| 650 | 4 |
_aEstonia _930481 |
|
| 650 | 4 |
_aHungría _926949 |
|
| 650 | 4 |
_aPolonia _926959 |
|
| 650 | 4 |
_aEslovenia _930487 |
|
| 650 | 4 |
_aLituania _930480 |
|
| 650 | 4 |
_aLetonia _930479 |
|
| 650 | 4 |
_aMalta _926955 |
|
| 650 | 4 |
_aRumania _926961 |
|
| 650 | 4 |
_aEslovaquia _930496 |
|
| 650 | 4 |
_aTurquía _926990 |
|
| 650 | 4 |
_aestudio de casos _928846 |
|
| 650 | 4 |
_acomparación _928892 |
|
| 653 | 1 | 0 | _aRelaciones laborales-Empleo |
| 650 | 4 |
_928300 _apolítica de empleo |
|
| 650 | 4 |
_928369 _arelaciones laborales |
|
| 650 | 4 |
_926752 _aUE |
|
| 650 | 4 |
_930664 _aconcertación social |
|
| 700 | 1 |
_aGalgóczi, Béla _eed. lit. _912592 |
|
| 700 | 1 |
_aLafoucriere, Céline _eed. lit. _916062 |
|
| 700 | 1 |
_aMagnusson, Lars _eed. lit. _917292 |
|
| 710 | 2 |
_aInstituto Sindical Europeo _eed. _94321 |
|
| 710 | 2 |
_aCentre de recherche européenne pour l'emploi et les ressources humaines _eed. _91826 |
|
| 710 | 2 |
_aSALTSA _94934 |
|
| 902 | _aLIB Libro | ||
| 942 |
_2CES _cBK _h2.0. |
||
| 999 |
_c16939 _d16939 |
||